000 00961nam0a22002651 4500
001 rc\854626
005 20250622020708.0
035 _a(NLR Aleph) 006034888
090 _a7566869
_c7566869
100 _a20041129d1983 |||y0rusy50 ca
101 0 _arus
102 _aRU
105 _aa |||||||||
200 1 _aПути снижения расхода топлива и энергии в черной металлургии
210 _aМ.
_cИнформсталь
_d1983
215 _a55 с.
_cил.
_d20
225 1 _aОбзор
_fМеждунар. система науч. и техн. информ. по чер. металлургии "Информсталь"
_vВып. 7 (156)
300 _aАвт. указан на обороте тит. л.
320 _aБиблиогр.: с. 50-55 (124 назв.)
700 1 _aПлиска
_bК.
801 0 _aRU
_bNLR
_gpsbo
801 1 _aRU
_bELAR
_2rusmarc
852 _aNLR
_jП10/5469
942 _cBOOK
980 _aNB